00485nam a2200157Ia 4500008004100000040001800041041000800059100001500067245004900082260006300131300001600194650002300210650004700233650003200280650001500312130821s1950 mx gr spa  aCo-BoUCMbspa00aspa aC.M. Bowra00aHistoria de la literatura GriegacC.M. Bowra aMéxico D.F. (México)bFondo de Cultura Economicac1950 a[1 volumen] aLiteratura europea aLiteratura griegavColecciones de escritos aLiteratura griegaxHistoria aLiteratura